000
00277nam a2200109Ia 4500
008
200302s9999 xx 000 0 und d
100
_a
Author
245
_a
Zaha Hadid Complete Works
260
_b
Rizzoli International Publications Inc. New York
260
_c
2009
300
_a
256
999
_c
4499
_d
4499